LEADER 01231nam a2200301 u 4500 001 000000092688 003 CaOOAMICUS 005 20070226124951.0 008 060719s2005 it u000 u ita u 020 $a8835017165 035 $a11095841 040 $aPUL$bita 041 0 $aita$hspa 100 1 $aGarcía Hoz, Victor,$dn. 1911.$0(OLS)http://pul/name/2987 240 10$aEducacion personalizada.$lItaliano.$0(OLS)http://pul/title/119605 245 10$aEducazione personalizzata /$cVictor Garcia Hoz ; a cura di giuseppe Zanniello. 260 $aBrescia :$bLa Scuola,$cc2005. 300 $a221 p. ;$c21 cm 490 1 $aIl pensiero 650 4$aEducazione$xPersona.$0(OLS)http://pul/subject/29892 700 1 $aZanniello, Giuseppe.$0(OLS)http://pul/name/59777 830 3$aIl pensiero.$0(OLS)http://pul/title/64099 850 $aPUL 852 $aPUL$W1$xSL Diritto e Scienze Sociali 3$y79$m371. 4 GARVI 1$j116540$nBK-PRI$b $qDDC 21$B116540$CPULBib$Z2$F116540 $HPUL100681 $81 941 1 $a9 996 $6020$a8835017165$9(OLS)http://pul/number/121880 996 $6245$aEducazione personalizzata$9(OLS)http://pul/title/119606 996 $6260$aBrescia :$bLa Scuola$9(OLS)http://pul/publisher/48404 LEADER 00983nam a2200277 u 4500 001 000000074139 003 CaOOAMICUS 005 20070226122428.0 008 021202s2002 it u000 u ita u 020 $a8802052085 035 $a10946739 040 $aPUL$bita 100 1 $aFornari, Ugo.$0(OLS)http://pul/name/49142 245 10$aTrattato di psichiatria forense /$cUgo Fornari. 250 $a2. ed. 260 $aTorino :$bUTET,$cc2002. 300 $axviii, 693 p. ;$c24 cm 500 $aComprende indici. 504 $aBibliografia in nota. 650 4$aPsichiatria forense.$0(OLS)http://pul/subject/25963 850 $aPUL 852 $aPUL$W1$xDP2 Cons. Gen., Altre Classi 1$y61$m1384 H 30$j95693$nBK-PRI$b $qStampati$B95693$CPULBib$Z2$F95693 $81 941 1 $a8 996 $6020$a8802052085$9(OLS)http://pul/number/95923 996 $6245$aTrattato di psichiatria forense$9(OLS)http://pul/title/97421 996 $6260$aTorino :$bUTET$9(OLS)http://pul/publisher/48088